000 01101nam a2200277 a 4500
003 OSt
005 20260321073637.0
008 081031s2006 dr r 001 0 spa d
020 _z9993488620
040 _aDO-SdBNP
_bspa
_cBNPHU
082 _a923.77295
_bH831b, 2006
_222
100 1 _a Bosch, Juan,
_d1909-2001
_b1909-2001
_976555
245 1 0 _aHostos, el sembrador /
_cJuan Bosch.
250 _a10a. ed.
260 _aSanto Domingo :
_bFundación Juan Bosch,
_c2006.
300 _a278 p. ;
_c23 cm.
490 1 _aBiografías americanas
_v5
500 _aEdición especial en homenaje a Eugenio María de Hostos con motivo de los 100 años de su muerte
505 2 _aPrólogo para una edición puertorriqueña de Hostos, el sembrador -- La semilla -- El surco y la siembra -- La triste cosecha.
590 _aInventariado, 2020/VM
600 1 0 _aHostos y Bonilla, Eugenio María
_d1839-1903
_91004
650 4 _aIntelectuales
_vBiografía de Puerto Rico.
_x
_977588
830 0 _aBiografías americanas
_v5
_91005
910 _aVMateo / Validado. Control de calidad. MMOLINA
942 _2ddc
_cLBS1
999 _c296
_d296